000 02403cam a22005774i 4500
003 PE-LiUPU
005 20250731180116.0
008 181213s2014 sp a rb 000 0 spa d
020 _a9788416277209
020 _a8416277206
035 _a(Sirsi) a251042
040 _aPE-LiUPU
_bspa
_cPE-LiUPU
_erda
049 _aPRUA
082 0 4 _a536.2
_bF38
_223
100 1 _aFernández Benítez, José Antonio,
_eautor.
245 1 0 _aFundamentos de transmisión de calor /
_cJosé Antonio Fernández Benítez, Carlos Corrochano Sánchez.
250 _a2da edición.
264 1 _aMadrid :
_bDextra,
_c2014.
300 _a241 páginas :
_bilustraciones ;
_c28 centímetros.
336 _atext
_2rdacontent
337 _aunmediated
_2rdamedia
338 _avolume
_2rdacarrier
490 1 _aIngeniería Energética y Fluidomecánica
504 _aBibliografía : páginas 241.
505 0 _aConceptos fundamentales -- mecanismos de transferencia de calor -- balance de energía en volúmenes y superficies -- propiedades termofísicas de los materiales -- dimensiones y unidades -- conducción del calor -- ecuación general de la difunsión del calor -- régimen permanente en una dimensión -- superficies adicionales -- régimen transitorio -- métodos numéricos. Régimen permanente -- métodos numéricos. Régimen transitorio -- convección -- introducción -- correlaciones de convección forzada -- correlaciones de convección libre.
526 _aSEG44
526 _aSEG26
526 _aP159
526 _aP155
526 _aP154
526 _aP153
526 _aP150
526 _aP100
526 _aP31
526 _aP30
526 _aP26
526 _aP25
526 _aP24
526 _aP22
526 _aP15
526 _aP10
541 _gF002-00000769;
650 0 4 _aCalor
_xTransmisión
_vLibros de texto.
650 0 7 _aCalor
_xTransmisión
_2embne.
700 1 _aCorrochano Sánchez, Carlo,
_eautor.
910 _adbm
_bksl
_cksl
_d20181213
942 _2ddc
_cBOOK
994 _aC0
_bPEPRU
596 _a1
999 _a536.2 F38
_wDEWEY
_c30494
_i79588
_d30494
_e2019-7-16
_f2021-11-9
_g4
_lCCODEBUL1
_mBUL
_n1
_p41.89
_q1
_r0
_sY
_tBOOK
_u2018-12-13
_xINGENIERIA
_PP26
_0COMPRA
_1FCOMPR2
_o.STAFF. Colección Ingeniería y Arquitectura
980 _81
_gALBERTO SANCHEZ Responsable de Automatización